00682nmc a2200217 a 4500003000900000005001700009008004100026020001800067040001300085245007400098260003400172300001100206490002100217504007000238650002800308650001400336650002800350653002500378700003300403800002800436AR-BaBNM20251128211255.0243020s1993 ||||||||||||||000 | spa|| a950-518-821-8 cAR-BaBNM10aCogniciones distribuidasbconsideraciones psicológicas y educativas aBuenos AiresbAmorrortuc1993 a329 p. 0aAgenda educativa aContiene referencias bibliográficas al final de cada capítulo 4aTEORIAS DEL APRENDIZAJE 4aCOGNICION 4aTEORIA DEL CONOCIMIENTO aPSICOLOGIA COGNITIVA1 aSalomon, Gavrielecompilador1 aLitwin, Edithedirector